Woollen textiles of Lou-lan people (Record no. 10170)
[ view plain ]
| 000 -CABECERA | |
|---|---|
| campo de control de longitud fija | 01201nam a2200289 a 4500 |
| 001 - NÚMERO DE CONTROL | |
| campo de control | BRL_1358 |
| 005 - FECHA Y HORA DE LA ÚLTIMA TRANSACCIÓN | |
| campo de control | 20190320211151.0 |
| 008 - DATOS DE LONGITUD FIJA--INFORMACIÓN GENERAL | |
| campo de control de longitud fija | 080114s1941----sw-abo####---#000-0#eng-# |
| 041 ## - CÓDIGO DE LENGUA | |
| Código de lengua del texto/banda sonora o título independiente | eng |
| 044 ## - CÓDIGO DEL PAÍS DE LA ENTIDAD EDITORA/PRODUCTORA | |
| Código MARC del país | sw |
| 050 #4 - SIGNATURA TOPOGRÁFICA DE LA BIBLIOTECA DEL CONGRESO | |
| Número de clasificación | NK8983 |
| Número de documento/Ítem | .S95 1941 |
| 100 1# - ENTRADA PRINCIPAL--NOMBRE DE PERSONA | |
| Nombre de persona | Sylwan, Vivi |
| Fechas asociadas al nombre | 1870- |
| 9 (RLIN) | 26566 |
| 245 10 - MENCIÓN DE TÍTULO | |
| Título | Woollen textiles of Lou-lan people |
| Mención de responsabilidad, etc. | By Vivi Sylwan ; Introduction by Folke Bergman ; Appendix spinning tool and spinning methods in Asia by G. Montell. |
| 260 ## - PUBLICACIÓN, DISTRIBUCIÓN, ETC. | |
| Lugar de publicación, distribución, etc. | Stockholm |
| Nombre del editor, distribuidor, etc. | Tryckeri Aktiebolaget Thule |
| Fecha de publicación, distribución, etc. | 1941 |
| 300 ## - DESCRIPCIÓN FÍSICA | |
| Extensión | 127 p. |
| Otras características físicas | il., láminas, mapas |
| Dimensiones | 29 cm. |
| 440 #0 - MENCIÓN DE SERIE/PUNTO DE ACCESO ADICIONAL--TÍTULO | |
| Título | Reports from the scientific expedition to the north-western provinces of China under the leadership of Dr. Sven Hedin. The Sino-Swedish Expedition. Publication 15. VII. Archaeology |
| Designación de volumen o secuencia | 2 |
| 9 (RLIN) | 26635 |
| 500 ## - NOTA GENERAL | |
| Nota general | Au1561 |
| 504 ## - NOTA DE BIBLIOGRAFÍA, ETC. | |
| Nota de bibliografía, etc. | Bibliografía: p. 126-127 |
| 650 14 - PUNTO DE ACCESO ADICIONAL DE MATERIA--TÉRMINO DE MATERIA | |
| Término de materia o nombre geográfico como elemento de entrada | Lana y fabricación de estambre |
| Subdivisión geográfica | Xinjiang Uygur Zizhiqu (China) |
| 9 (RLIN) | 26636 |
| 650 14 - PUNTO DE ACCESO ADICIONAL DE MATERIA--TÉRMINO DE MATERIA | |
| Término de materia o nombre geográfico como elemento de entrada | Telas |
| Subdivisión geográfica | Xinjiang Uygur Zizhiqu (China) |
| 9 (RLIN) | 26637 |
| 650 14 - PUNTO DE ACCESO ADICIONAL DE MATERIA--TÉRMINO DE MATERIA | |
| Término de materia o nombre geográfico como elemento de entrada | Textiles |
| Subdivisión geográfica | Xinjiang Uygur Zizhiqu (China) |
| 9 (RLIN) | 26638 |
| 650 14 - PUNTO DE ACCESO ADICIONAL DE MATERIA--TÉRMINO DE MATERIA | |
| Término de materia o nombre geográfico como elemento de entrada | Diseño textil |
| Subdivisión geográfica | China |
| 9 (RLIN) | 26639 |
| 700 1# - PUNTO DE ACCESO ADICIONAL--NOMBRE DE PERSONA | |
| Nombre de persona | Bergman, Folke |
| 9 (RLIN) | 26640 |
| 700 1# - PUNTO DE ACCESO ADICIONAL--NOMBRE DE PERSONA | |
| Nombre de persona | Montell, G. |
| 9 (RLIN) | 26641 |
| 902 ## - CATALOGADOR | |
| Iniciales | GRL |
| 942 ## - ELEMENTOS DE PUNTO DE ACCESO ADICIONAL (KOHA) | |
| Fuente del sistema de clasificación o colocación | Library of Congress Classification |
| Tipo de ítem Koha | Libros |
| Estado de retiro | Estado de pérdida | Estado dañado | No para préstamo | Localización permanente | Ubicación/localización actual | Fecha de adquisición | Número de inventario | Total de préstamos | Signatura topográfica completa | Código de barras | Fecha visto por última vez | Precio válido a partir de | Tipo de ítem Koha |
|---|---|---|---|---|---|---|---|---|---|---|---|---|---|
| El ejemplar forma parte de la colección y puede ser consultado según las políticas vigentes. | Biblioteca Centro de Estudios Ruth D. Lechuga | Biblioteca Centro de Estudios Ruth D. Lechuga | 08/01/2014 | Au1561 | NK8983 .S95 1941 (Au1561) | GRL01516 | 22/03/2019 | 22/03/2019 | Libros |